Countries that Border Each Other #4 - Statistics

General Stats
  • This quiz has been taken 35 times
  • The average score is 13 of 16
Answer Stats
Hint Answer % Correct
B Belgium
91%
F France
91%
G Germany
91%
L Luxembourg
91%
C Cambodia
84%
K Kazakhstan
84%
L Laos
84%
U Uzbekistan
84%
V Vietnam
84%
T Turkmenistan
78%
G Greece
69%
B Bulgaria
66%
N North Macedonia
66%
B Botswana
63%
N Namibia
63%
S South Africa
63%
No matching quizzes found
Score Distribution
Percent of People with Each Score
Percentile by Number Answered
Your Score History
You have not taken this quiz